North American Countries with a Unique Initial Letter - Statistics

General Stats
  • This quiz has been taken 319 times
  • The average score is 7 of 8
Answer Stats
Country % Correct
J Jamaica
94%
U United States
90%
M Mexico
89%
P Panama
89%
N Nicaragua
88%
T Trinidad & Tobago
84%
E El Salvador
82%
A Antigua & Barbuda
79%
No matching quizzes found
Score Distribution
Percent of People with Each Score
Percentile by Number Answered
Your Score History
You have not taken this quiz